عزة وقطاعها : دراسة في خلود المكان وحضارة السكان : من العصر الحجري الحديث حتي الحرب العالمية الأولي
محفوظ في:
المؤلف الرئيسي:
التنسيق: كتاب
اللغة: Undetermined
منشور في:
Cairo
1987
الموضوعات:
الوسوم: إضافة وسم
لا توجد وسوم, كن أول من يضع وسما على هذه التسجيلة!
رقم الطلب: DS110.G3
| LEADER | 00629nam a2200145Ia 4500 | ||
|---|---|---|---|
| 008 | 230909s9999||||xx |||||||||||||| ||und|| | ||
| 050 | 4 | |a DS110.G3 | |
| 100 | 1 | |a مبيض، سليم عرفات | |
| 245 | 1 | 0 | |a عزة وقطاعها : دراسة في خلود المكان وحضارة السكان : من العصر الحجري الحديث حتي الحرب العالمية الأولي |
| 264 | 1 | |a Cairo |c 1987 | |
| 300 | |a 482 p |c 24cm | ||
| 650 | 4 | |a Gaza strip _ History | |
| 942 | |2 lcc |c BK | ||
| 952 | |0 0 |1 0 |2 lcc |4 0 |6 DS0110 G3 |7 1 |9 50026 |a ARCE |b ARCE |d 2023-09-09 |l 0 |o DS110.G3 |p 1025292 |r 2023-09-09 00:00:00 |w 2023-09-09 |y BK | ||
| 999 | |c 54649 |d 54649 | ||
